[Event "Krakow op-A 34th"]
[Site "Krakow"]
[Date "2024.01.03"]
[Round "8"]
[White "Hryharovich, Aliaksei"]
[Black "Van der Merwe, Alexander"]
[Result "0-1"]
[WhiteElo "2195"]
[BlackElo "2113"]
[PlyCount "130"]
[EventDate "2023.12.27"]
[EventType "swiss"]
[EventRounds "9"]
[EventCountry "POL"]
[SourceTitle "CB02_2024"]
[SourceDate "2024.01.10"]
[SourceVersion "1"]
[SourceVersionDate "2024.01.10"]
[SourceQuality "1"]

1. d4 Nf6 2. c4 g6 3. Nc3 d5 4. Nf3 Bg7 5. Bg5 Ne4 6. cxd5 Nxg5 7. Nxg5 e6 8. Nf3 exd5 9. e3 c6 10. Bd3 a5 11. 0-0 0-0 12. h3 Nd7 13. Qc2 Nf6 14. a3 Qe7 15. Rab1 Re8 16. Nd2 Be6 17. Rfe1 Nd7 18. b4 axb4 19. axb4 Rec8 20. Na4 b6 21. Rec1 Qd6 22. Nf3 h6 23. Qb3 Rab8 24. Qd1 Bf8 25. Qc2 Ra8 26. Kh1 Be7 27. Nc3 Kg7 28. Kg1 f5 29. Ne2 Bf7 30. Nf4 Bf6 31. g4 fxg4 32. hxg4 Nf8 33. Ra1 Rxa1 34. Rxa1 Qd7 35. Kh2 c5 36. bxc5 bxc5 37. Qe2 cxd4 38. Nxd4 Qd6 39. Ra6 Qb8 40. Nc6 Rxc6 41. Rxc6 g5 42. Kg1 gxf4 43. Bf5 Qe5 44. Qf3 fxe3 45. Qxe3 Qa1+ 46. Kh2 d4 47. Qf3 Qa5 48. Be4 Qe5+ 49. Kg1 Qe7 50. Rb6 Ne6 51. Qf5 Ng5 52. Bd5 Nh3+ 53. Kf1 Nf4 54. Be4 Bg6 55. Qxf4 Bxe4 56. Kg1 Bd5 57. Rb1 Qe4 58. Qxe4 Bxe4 59. Rd1 Bf3 60. Rd3 Be2 61. Ra3 d3 62. Ra7+ Kg6 63. Rd7 Bc3 64. Rd6+ Kg7 65. Rd7+ Kf8 0-1

[Event "Wch U20 59th"]
[Site "Cala Gonone"]
[Date "2022.10.14"]
[Round "4"]
[White "Van der Merwe, Alexander"]
[Black "Salem, Muhsan Shuaib"]
[Result "1-0"]
[WhiteElo "1746"]
[BlackElo "1227"]
[PlyCount "41"]
[EventDate "2022.10.12"]
[EventType "swiss"]
[EventRounds "11"]
[EventCountry "ITA"]
[SourceTitle "CBM 210 Extra"]
[Source "ChessBase"]
[SourceDate "2022.11.30"]
[SourceVersion "1"]
[SourceVersionDate "2022.11.30"]
[SourceQuality "1"]

1. e4 c6 2. d4 d5 3. Nc3 dxe4 4. Nxe4 Nf6 5. Nxf6+ exf6 6. c3 Be6 7. Bd3 Bd6 8. Qc2 c5 9. Ne2 Nc6 10. dxc5 Bxc5 11. 0-0 Ne5 12. Be4 Qb6 13. b4 Be7 14. Nd4 Bc4 15. Re1 Rd8 16. Nf5 Bf8 17. Be3 Qa6 18. f4 Bd3 19. Bxd3 Qxd3 20. Qxd3 Nxd3 21. Re2 1-0

[Event "South African op"]
[Site "Cape Town"]
[Date "2022.07.09"]
[Round "2"]
[White "Daniel, Angelo"]
[Black "Van der Merwe, Alexander"]
[Result "1-0"]
[WhiteElo "1561"]
[BlackElo "1776"]
[PlyCount "109"]
[EventDate "2022.07.09"]
[EventType "swiss"]
[EventRounds "11"]
[EventCountry "RSA"]
[SourceTitle "CBM 209 Extra"]
[Source "ChessBase"]
[SourceDate "2022.09.30"]
[SourceVersion "1"]
[SourceVersionDate "2022.09.30"]
[SourceQuality "1"]

1. Nf3 Nf6 2. g3 b6 3. Bg2 Bb7 4. 0-0 c5 5. d3 e6 6. Nbd2 d6 7. Re1 Be7 8. e4 0-0 9. Nf1 Nbd7 10. Nh4 Ne8 11. Nf3 Rc8 12. Qe2 b5 13. h4 Ne5 14. N1h2 h6 15. Nxe5 dxe5 16. Ng4 Bf6 17. b3 Kh7 18. Bb2 Qc7 19. a4 a6 20. axb5 axb5 21. Ra7 c4 22. dxc4 bxc4 23. Ba3 Rg8 24. bxc4 Qc6 25. c5 Nc7 26. Rb1 Ba6 27. Qf3 Rb8 28. Rxb8 Rxb8 29. Nxf6+ gxf6 30. Qxf6 Kg8 31. Qe7 Bb7 32. Qd6 Qxd6 33. cxd6 Nb5 34. Ra5 Bc6 35. c4 Nd4 36. Ra7 Rd8 37. Bc5 Nb3 38. Ba3 Nd2 39. c5 Nb3 40. Rc7 Nd4 41. Bb2 Bb5 42. Bxd4 exd4 43. e5 d3 44. Bf3 d2 45. Bd1 Kf8 46. c6 f6 47. f4 fxe5 48. fxe5 Ra8 49. d7 Rd8 50. Kf2 Ke7 51. Ke3 Rg8 52. g4 Ra8 53. Rc8 Ra3+ 54. Kf2 Rd3 55. Re8+ 1-0

[Event "RSA-chB"]
[Site "Cape Town"]
[Date "2019.12.12"]
[Round "6"]
[White "Van der Merwe, Alexander"]
[Black "Klaaste, Chadley"]
[Result "1-0"]
[WhiteElo "1614"]
[BlackElo "1468"]
[PlyCount "91"]
[EventDate "2019.12.07"]
[EventType "swiss"]
[EventRounds "11"]
[EventCountry "RSA"]
[SourceTitle "CBM 193 Extra"]
[Source "ChessBase"]
[SourceDate "2020.01.31"]
[SourceVersion "1"]
[SourceVersionDate "2020.01.31"]
[SourceQuality "1"]

1. e4 c5 2. Nf3 Nc6 3. d4 cxd4 4. Nxd4 Nf6 5. Nc3 a6 6. Nxc6 bxc6 7. e5 Ng8 8. f4 e6 9. Ne4 d5 10. exd6 f5 11. Ng5 Bxd6 12. Bc4 Nf6 13. Qe2 0-0 14. Bxe6+ Kh8 15. Nf7+ Rxf7 16. Bxf7 Ne4 17. 0-0 Qb6+ 18. Be3 Bc5 19. Bxc5 Qxc5+ 20. Kh1 a5 21. Rad1 g6 22. Bc4 Qe7 23. Qd3 Be6 24. Qd4+ Kg8 25. Kg1 Re8 26. Bxe6+ Qxe6 27. Qd7 Nc5 28. Qxe6+ Rxe6 29. Rfe1 Ne4 30. Rd7 c5 31. Red1 Rb6 32. Ra7 Rxb2 33. Rdd7 c4 34. Rxa5 c3 35. a4 Rb8 36. Re5 Ra8 37. Ree7 Rc8 38. a5 Nc5 39. Rc7 Rxc7 40. Rxc7 Ne6 41. Rxc3 Nxf4 42. Rc8+ Kf7 43. a6 Ne2+ 44. Kf2 Nd4 45. a7 Nb5 46. a8Q 1-0

[Event "Bloemfontein-ch op"]
[Site "Bloemfontein"]
[Date "2018.07.14"]
[Round "11"]
[White "Odendaal, Frederick"]
[Black "Van der Merwe, Alexander"]
[Result "1-0"]
[WhiteElo "2021"]
[BlackElo "1476"]
[PlyCount "85"]
[EventDate "2018.07.07"]
[EventType "swiss"]
[EventRounds "11"]
[EventCountry "RSA"]
[SourceTitle "EXT 2019"]
[Source "ChessBase"]
[SourceDate "2018.10.10"]
[SourceVersion "1"]
[SourceVersionDate "2018.10.10"]
[SourceQuality "1"]

1. d4 Nf6 2. Nf3 g6 3. Nbd2 d5 4. c4 c6 5. e3 Bg7 6. Be2 Nbd7 7. b3 0-0 8. 0-0 Qc7 9. Bb2 dxc4 10. Nxc4 Nb6 11. Nce5 Nfd7 12. Nd3 Nf6 13. Nde5 Nfd7 14. Nd3 Nf6 15. Rc1 Bf5 16. Nc5 Nfd7 17. b4 Nd5 18. Qb3 Nxc5 19. Rxc5 Qd7 20. b5 e6 21. Nd2 Nf6 22. bxc6 bxc6 23. Bf3 Rab8 24. Qc3 Nd5 25. Qa3 Rfc8 26. e4 Bf8 27. exd5 exd5 28. Qc3 Qb7 29. Ba1 f6 30. Nb3 Bxc5 31. dxc5 Rf8 32. g4 Be6 33. g5 Qd7 34. gxf6 Rf7 35. Qe5 Rbf8 36. Qf4 d4 37. Bxd4 Bxb3 38. axb3 Qe6 39. Qd6 Qf5 40. Bxc6 Qg4+ 41. Kh1 h5 42. Rg1 Qf5 43. Qd5 1-0

[Event "Bloemfontein-ch op"]
[Site "Bloemfontein"]
[Date "2018.07.07"]
[Round "1"]
[White "Van der Merwe, Alexander"]
[Black "Pesa, Mofoka A"]
[Result "1-0"]
[WhiteElo "1476"]
[BlackElo "1831"]
[PlyCount "81"]
[EventDate "2018.07.07"]
[EventType "swiss"]
[EventRounds "11"]
[EventCountry "RSA"]
[SourceTitle "EXT 2019"]
[Source "ChessBase"]
[SourceDate "2018.10.10"]
[SourceVersion "1"]
[SourceVersionDate "2018.10.10"]
[SourceQuality "1"]

1. e4 e5 2. Nf3 d5 3. Nxe5 Nf6 4. d4 Bb4+ 5. c3 Bd6 6. exd5 0-0 7. Be2 Re8 8. 0-0 Nxd5 9. Bf3 c6 10. c4 Nf6 11. Bg5 c5 12. Qb3 Qe7 13. Bd5 Rf8 14. Re1 cxd4 15. Nf3 Qc7 16. Bxf6 gxf6 17. Nbd2 Nc6 18. Bxc6 bxc6 19. Ne4 Be5 20. Nxe5 fxe5 21. Qg3+ Kh8 22. Nf6 Bf5 23. Rxe5 Bg6 24. h4 Qd6 25. Qg5 Kg7 26. Ne4 Qd8 27. Re7 Re8 28. Qe5+ Kf8 29. Nd6 Qd7 30. Re1 Qe6 31. Rxe6 Rxe6 32. Qh8+ Ke7 33. Rxe6+ fxe6 34. Qxa8 Kxd6 35. Qxa7 e5 36. b4 Ke6 37. Qc5 Be4 38. f3 Bb1 39. Qxc6+ Kf5 40. Kf2 Bxa2 41. g4+ 1-0

[Event "Wch U12"]
[Site "Pocos de Caldas"]
[Date "2017.08.28"]
[Round "8"]
[White "Da Rosa, Henrique Jaze Simoe"]
[Black "Van der Merwe, Alexander"]
[Result "1/2-1/2"]
[WhiteElo "1377"]
[BlackElo "1324"]
[PlyCount "58"]
[EventDate "2017.08.22"]
[EventType "swiss"]
[EventRounds "11"]
[EventCountry "BRA"]
[SourceTitle "CBM 180 Extra"]
[Source "ChessBase"]
[SourceDate "2017.10.06"]
[SourceVersion "1"]
[SourceVersionDate "2017.10.06"]
[SourceQuality "1"]

1. Nf3 Nf6 2. b3 g6 3. Bb2 Bg7 4. e3 0-0 5. Be2 d5 6. 0-0 c5 7. d4 cxd4 8. Nxd4 Ne4 9. Nd2 Nxd2 10. Qxd2 Nc6 11. Nxc6 bxc6 12. Bxg7 Kxg7 13. Qc3+ Kg8 14. Qxc6 Bf5 15. Bd3 Bxd3 16. cxd3 d4 17. exd4 Qxd4 18. Qe4 Qd6 19. Rfe1 e6 20. g3 Rfd8 21. Rad1 Qd5 22. Re2 Rd7 23. Qc4 Rad8 24. Rc2 Qf3 25. Rcd2 e5 26. d4 exd4 27. Rxd4 Rxd4 28. Rxd4 Rxd4 29. Qxd4 Qb7 1/2-1/2

[Event "Wch U12"]
[Site "Pocos de Caldas"]
[Date "2017.08.25"]
[Round "5"]
[White "Candelot, Clement"]
[Black "Van der Merwe, Alexander"]
[Result "1-0"]
[WhiteElo "1986"]
[BlackElo "1324"]
[PlyCount "61"]
[EventDate "2017.08.22"]
[EventType "swiss"]
[EventRounds "11"]
[EventCountry "BRA"]
[SourceTitle "CBM 180 Extra"]
[Source "ChessBase"]
[SourceDate "2017.10.06"]
[SourceVersion "1"]
[SourceVersionDate "2017.10.06"]
[SourceQuality "1"]

1. e4 c5 2. Nf3 d6 3. Bb5+ Bd7 4. Bxd7+ Nxd7 5. 0-0 g6 6. c3 Ngf6 7. Qe2 Bg7 8. d4 0-0 9. e5 dxe5 10. dxe5 Ne8 11. e6 Nb6 12. exf7+ Rxf7 13. Be3 Qc7 14. Na3 Nf6 15. Ng5 Rff8 16. Ne6 Qe5 17. Nxf8 Rxf8 18. Nc4 Qc7 19. Nxb6 axb6 20. Qc4+ Kh8 21. Rad1 Nh5 22. Qe6 Rf6 23. Qd7 Qxd7 24. Rxd7 Nf4 25. Rfd1 Bh6 26. Kf1 g5 27. Bxf4 gxf4 28. f3 Bf8 29. Rxb7 Kg7 30. Rd8 Kf7 31. Rbb8 1-0

[Event "RSA-ch U12"]
[Site "Gauteng"]
[Date "2017.04.08"]
[Round "6"]
[White "Oosthuizen, Michal Jacobus"]
[Black "Van der Merwe, Alexander"]
[Result "1-0"]
[WhiteElo "1416"]
[BlackElo "1386"]
[PlyCount "93"]
[EventDate "2017.04.05"]
[EventType "swiss"]
[EventRounds "11"]
[EventCountry "RSA"]
[SourceTitle "CBM 177 Extra"]
[Source "ChessBase"]
[SourceDate "2017.04.27"]
[SourceVersion "1"]
[SourceVersionDate "2017.04.27"]
[SourceQuality "1"]

1. d4 e6 2. Nf3 b6 3. Bf4 Bb7 4. e3 Be7 5. c4 Nf6 6. Nc3 Ne4 7. Bd3 d5 8. Bxe4 dxe4 9. Nd2 Bg5 10. Qg4 h6 11. Ndxe4 f6 12. Qxe6+ Qe7 13. Qxe7+ Kxe7 14. Bxg5 hxg5 15. Nd5+ Kd8 16. Ke2 Nc6 17. h3 Na5 18. b3 Kd7 19. Rhd1 Rae8 20. f3 Re6 21. Rac1 Rhe8 22. b4 Nxc4 23. Nxc7 Kxc7 24. Rxc4+ Rc6 25. Rxc6+ Kxc6 26. d5+ Kd7 27. b5 Re5 28. Nc3 a6 29. a4 axb5 30. axb5 f5 31. Na4 Kd6 32. Nxb6 Kc7 33. Nc4 Rxd5 34. b6+ Kb8 35. Rxd5 Bxd5 36. Kd3 Kb7 37. Kd4 Be6 38. Kc5 f4 39. e4 g6 40. Nd6+ Kb8 41. Kd4 Bb3 42. Ke5 Bd1 43. Kf6 Be2 44. e5 Bf1 45. e6 Bxg2 46. e7 Bxf3 47. e8Q# 1-0

[Event "RSA-ch U12"]
[Site "Gauteng"]
[Date "2017.04.06"]
[Round "2"]
[White "Fourie, Brandon"]
[Black "Van der Merwe, Alexander"]
[Result "1/2-1/2"]
[WhiteElo "1204"]
[BlackElo "1386"]
[PlyCount "50"]
[EventDate "2017.04.05"]
[EventType "swiss"]
[EventRounds "11"]
[EventCountry "RSA"]
[SourceTitle "CBM 177 Extra"]
[Source "ChessBase"]
[SourceDate "2017.04.27"]
[SourceVersion "1"]
[SourceVersionDate "2017.04.27"]
[SourceQuality "1"]

1. d4 Nf6 2. Nf3 g6 3. Bf4 Bg7 4. Nbd2 d5 5. e3 Bf5 6. c3 0-0 7. Be2 Nc6 8. 0-0 Re8 9. Ne5 Nxe5 10. Bxe5 Nd7 11. Bxg7 Kxg7 12. Qb3 Nb6 13. c4 dxc4 14. Nxc4 c6 15. Nxb6 Qxb6 16. Bc4 Qxb3 17. Bxb3 Rad8 18. Rfd1 Rd6 19. Rac1 Red8 20. Bc2 Bxc2 21. Rxc2 e5 22. Rcd2 c5 23. d5 e4 24. f3 f5 25. Kf2 Kf7 1/2-1/2

[Event "RSA-ch U12"]
[Site "Bloemfontein"]
[Date "2016.03.24"]
[Round "8"]
[White "Van Deventer, Wilrich"]
[Black "Van der Merwe, Alexander"]
[Result "0-1"]
[WhiteElo "1135"]
[BlackElo "1269"]
[PlyCount "41"]
[EventDate "2016.03.20"]
[EventType "swiss"]
[EventRounds "11"]
[EventCountry "RSA"]
[SourceTitle "CBM 171 Extra"]
[Source "ChessBase"]
[SourceDate "2016.04.26"]
[SourceVersion "1"]
[SourceVersionDate "2016.04.26"]
[SourceQuality "1"]

1. c4 e5 2. Nc3 Nf6 3. g3 d5 4. Bg2 c6 5. e3 Bb4 6. Nge2 0-0 7. 0-0 Bf5 8. d3 Bxc3 9. Nxc3 Bxd3 10. Re1 Bxc4 11. b3 Ba6 12. b4 b6 13. a4 Bb7 14. a5 b5 15. Bb2 Re8 16. Qe2 Nbd7 17. Qc2 Qc7 18. Re2 Re7 19. Rc1 Rc8 20. Bh3 Rce8 21. Qb1 0-1

[Event "RSA-ch U12"]
[Site "Bloemfontein"]
[Date "2016.03.23"]
[Round "6"]
[White "Olkers, Lleyton"]
[Black "Van der Merwe, Alexander"]
[Result "1-0"]
[WhiteElo "1292"]
[BlackElo "1269"]
[PlyCount "44"]
[EventDate "2016.03.20"]
[EventType "swiss"]
[EventRounds "11"]
[EventCountry "RSA"]
[SourceTitle "CBM 171 Extra"]
[Source "ChessBase"]
[SourceDate "2016.04.26"]
[SourceVersion "1"]
[SourceVersionDate "2016.04.26"]
[SourceQuality "1"]

1. e4 e5 2. Nf3 Nc6 3. Bb5 Nf6 4. d4 exd4 5. 0-0 Be7 6. Re1 a6 7. Ba4 b5 8. Bb3 d6 9. Bd5 Nxd5 10. exd5 Ne5 11. Nxd4 Bb7 12. Nf5 Ng6 13. Nxg7+ Kf8 14. Bh6 Kg8 15. Nf5 Bf6 16. c3 Bc8 17. Ng3 Be5 18. Nd2 Qh4 19. Qh5 f5 20. Nf3 Qxh5 21. Nxh5 Kf7 22. Ng5+ Kg8 1-0

[Event "RSA-ch U12"]
[Site "Bloemfontein"]
[Date "2016.03.23"]
[Round "7"]
[White "Van der Merwe, Alexander"]
[Black "Eaton, Dante"]
[Result "0-1"]
[WhiteElo "1269"]
[BlackElo "1267"]
[PlyCount "54"]
[EventDate "2016.03.20"]
[EventType "swiss"]
[EventRounds "11"]
[EventCountry "RSA"]
[SourceTitle "CBM 171 Extra"]
[Source "ChessBase"]
[SourceDate "2016.04.26"]
[SourceVersion "1"]
[SourceVersionDate "2016.04.26"]
[SourceQuality "1"]

1. e4 c5 2. Nf3 e6 3. d4 cxd4 4. Nxd4 a6 5. Nc3 Qc7 6. f4 Bb4 7. Qf3 Nf6 8. Bd2 d6 9. Bd3 Nbd7 10. Nb3 e5 11. 0-0 b5 12. Kh1 Bb7 13. a3 Bc5 14. Qg3 g6 15. fxe5 dxe5 16. Bg5 Be7 17. Qf3 h6 18. Bxf6 Nxf6 19. Rad1 0-0 20. Qg3 Kg7 21. Qf3 Rad8 22. Be2 Rxd1 23. Rxd1 Qc4 24. Qd3 Nxe4 25. Qxc4 bxc4 26. Na5 Nxc3 27. bxc3 Bd5 0-1

[Event "RSA-ch U12"]
[Site "Bloemfontein"]
[Date "2016.03.21"]
[Round "3"]
[White "Van der Merwe, Alexander"]
[Black "Thakersee, Rishay"]
[Result "0-1"]
[WhiteElo "1269"]
[BlackElo "1380"]
[PlyCount "37"]
[EventDate "2016.03.20"]
[EventType "swiss"]
[EventRounds "11"]
[EventCountry "RSA"]
[SourceTitle "CBM 171 Extra"]
[Source "ChessBase"]
[SourceDate "2016.04.26"]
[SourceVersion "1"]
[SourceVersionDate "2016.04.26"]
[SourceQuality "1"]

1. e4 e6 2. Qe2 Be7 3. Nf3 d5 4. exd5 exd5 5. g3 Nf6 6. Bg2 0-0 7. 0-0 c5 8. d4 h6 9. Be3 Bg4 10. c3 Qb6 11. Qd2 Ne4 12. Qc2 Nd7 13. Nbd2 Ndf6 14. Ne5 Nxd2 15. Qxd2 Be6 16. Rad1 Rad8 17. f4 Ng4 18. f5 Nxe5 19. dxe5 0-1

[Event "RSA-chT U12"]
[Site "Cape Town"]
[Date "2016.01.04"]
[Round "1.7"]
[White "Van der Merwe, Alexander"]
[Black "Evetts, Cameron"]
[Result "1-0"]
[WhiteElo "1268"]
[BlackElo "1068"]
[PlyCount "27"]
[EventDate "2016.01.04"]
[EventType "team-tourn"]
[EventRounds "7"]
[EventCountry "RSA"]
[SourceTitle "CBM 170 Extra"]
[Source "ChessBase"]
[SourceDate "2016.02.25"]
[SourceVersion "1"]
[SourceVersionDate "2016.02.25"]
[SourceQuality "1"]
[WhiteTeam "Western Province"]
[BlackTeam "Ethekwini"]
[WhiteTeamCountry "RSA"]
[BlackTeamCountry "RSA"]

1. e4 e5 2. Nf3 Nc6 3. Bc4 Bc5 4. d3 h6 5. h3 Nf6 6. Nc3 d6 7. 0-0 0-0 8. Bd2 a6 9. Ne2 Bd7 10. Ng3 Qc8 11. Kh2 Qb8 12. Qc1 Kh7 13. Nh4 Ne7 14. Qd1 1-0

[Event "RSA-ch U10"]
[Site "Waterkloof"]
[Date "2015.04.08"]
[Round "8"]
[White "Mostert, Gert"]
[Black "Van der Merwe, Alexander"]
[Result "1-0"]
[WhiteElo "1115"]
[BlackElo "1053"]
[PlyCount "93"]
[EventDate "2015.04.04"]
[EventType "swiss"]
[EventRounds "9"]
[EventCountry "RSA"]
[SourceTitle "CBM 166 Extra"]
[Source "ChessBase"]
[SourceDate "2015.06.18"]
[SourceVersion "1"]
[SourceVersionDate "2015.06.18"]
[SourceQuality "1"]

1. e4 e5 2. Nf3 Nc6 3. d4 exd4 4. Nxd4 Bc5 5. Nxc6 bxc6 6. Nc3 d6 7. Bc4 h6 8. 0-0 Nf6 9. Bf4 0-0 10. Qd2 Re8 11. Bxh6 gxh6 12. Qxh6 Nh7 13. Bxf7+ Kxf7 14. Qxh7+ Kf8 15. Kh1 Qd7 16. Qh4 Qg7 17. Rfe1 Ba6 18. Rad1 Re6 19. a3 Rh6 20. Qg3 Rg6 21. Qh3 Rh6 22. Qg3 Qxg3 23. fxg3 Bf2 24. Rf1 Bxf1 25. Rxf1 Rf6 26. e5 Rf7 27. e6 Rf6 28. Ne4 Rxe6 29. Nxf2 Ke7 30. Nd3 c5 31. Nf4 Rh6 32. h4 Rg8 33. Kh2 Rgh8 34. Re1+ Kd7 35. Nd5 Kc6 36. c4 R6h7 37. Kh3 a5 38. Re4 Kd7 39. Nf6+ Kc6 40. Nxh7 Rxh7 41. g4 d5 42. Re6+ Kd7 43. cxd5 Rf7 44. Kg3 Rf1 45. Ra6 Rb1 46. Rxa5 Rxb2 47. Rxc5 1-0

[Event "RSA-ch U10"]
[Site "Waterkloof"]
[Date "2015.04.04"]
[Round "2"]
[White "Riccardi, Adriel Ernesto"]
[Black "Van der Merwe, Alexander"]
[Result "0-1"]
[WhiteElo "1050"]
[BlackElo "1053"]
[PlyCount "27"]
[EventDate "2015.04.04"]
[EventType "swiss"]
[EventRounds "9"]
[EventCountry "RSA"]
[SourceTitle "CBM 166 Extra"]
[Source "ChessBase"]
[SourceDate "2015.06.18"]
[SourceVersion "1"]
[SourceVersionDate "2015.06.18"]
[SourceQuality "1"]

1. e4 e5 2. Nf3 Nc6 3. Bc4 Bc5 4. Nc3 Nf6 5. 0-0 d6 6. h3 0-0 7. d3 h6 8. Be3 Bb6 9. Qe2 Nd4 10. Bxd4 exd4 11. Nd5 Nxd5 12. Bxd5 c6 13. Bb3 Re8 14. Qd2 0-1